UNIMAID JOURNAL OF PUBLIC LAW (Record no. 43652)

MARC details
003 - CONTROL NUMBER IDENTIFIER
control field 4367782
005 - DATE AND TIME OF LATEST TRANSACTION
control field 20250924105755.0
008 - FIXED-LENGTH DATA ELEMENTS--GENERAL INFORMATION
fixed length control field 250924b |||||||| |||| 00| 0 eng d
022 ## - INTERNATIONAL STANDARD SERIAL NUMBER
International Standard Serial Number 15960617
040 ## - CATALOGING SOURCE
Transcribing agency Nile University of Nigeria , Abuja.
Description conventions rda
050 ## - LIBRARY OF CONGRESS CALL NUMBER
Classification number K 60 .B65
082 ## - DEWEY DECIMAL CLASSIFICATION NUMBER
Classification number K 60 .B65
245 ## - TITLE STATEMENT
Title UNIMAID JOURNAL OF PUBLIC LAW
260 ## - PUBLICATION, DISTRIBUTION, ETC. (IMPRINT)
Place of publication, distribution, etc Borno state
Name of publisher, distributor, etc Unimaid University press
Date of publication, distribution, etc 2016
264 ## - PUBLICATION, DISTRIBUTION, ETC. (IMPRINT)
Place of publication, distribution, etc Borno state
Name of publisher, distributor, etc Unimaid University press
Date of publication, distribution, etc 2016
300 ## - PHYSICAL DESCRIPTION
Other physical details viii, 246 pg., 35 cm
336 ## - CONTENT TYPE
Source rdacontent
338 ## - CARRIER TYPE
Source rdacarrier
942 ## - ADDED ENTRY ELEMENTS (KOHA)
Source of classification or shelving scheme Library of Congress Classification
Koha item type JOURNALS
Holdings
Withdrawn status Lost status Source of classification or shelving scheme Damaged status Not for loan Permanent Location Current Location Shelving location Date acquired Total Checkouts Date last seen Price effective from Koha item type
    Library of Congress Classification     Law Library Law Library Items on shelf 08/04/2025   09/24/2025 09/24/2025 JOURNALS
    Library of Congress Classification     Law Library Law Library Items on shelf 08/04/2025   09/24/2025 09/24/2025 JOURNALS
    Library of Congress Classification     Law Library Law Library Items on shelf 08/04/2025   09/24/2025 09/24/2025 JOURNALS